License Plates of Countries 197-205 - Statistics

General Stats
  • This quiz has been taken 34 times
  • The average score is 5 of 9
Answer Stats
Picture Hint Answer % Correct
28,568 Faroe Islands
100%
79,186 Curaçao
77%
7,054 Greenland
65%
77,730 Aruba
62%
466,948 Palestine
58%
Est. 10,000 Sint Maarten
31%
Unknown Western Sahara
27%
16,297 Cook Islands
23%
926 Niue
23%
No matching quizzes found
Score Distribution
Percent of People with Each Score
Percentile by Number Answered
Your Score History
You have not taken this quiz